000 00578nam a2200193Ia 4500
005 20250326144855.0
008 250326s9999 xx 000 0 und d
020 _a1-56327-262-8
037 _aTextbook
040 _aFMSL
_beng
_cFMSL
041 _aeng
_2eng
084 _aX:89A P2
_qFMSL
100 _aDennis P
_9698599
245 0 _aLean production simplified : plain language guide to the world's most powerful production system
_cDennis P
260 _aNY
_bNY, Productivity
_c2002
300 _a170p
942 _cTB
_hX:89A P2
999 _c1305411
_d1305411